El adelanto de Cazorla / (Record no. 120679)

MARC details
000 -LEADER
campo de control de longitud fija 00536nam a2200169 4500
001 - NÚMERO DE CONTROL
campo de control 120679
003 - IDENTIFICADOR DE NÚMERO DE CONTROL
campo de control ES-MaACL
005 - FECHA Y HORA DE LA ÚLTIMA TRANSACCIÓN
campo de control 20230906191611.0
007 - CAMPO FIJO DE DESCRIPCIÓN FÍSICA--INFORMACIÓN GENERAL
campo de control de longitud fija t|
008 - DATOS DE LONGITUD FIJA--INFORMACIÓN GENERAL
campo de control de longitud fija 070214s1935 sp r ||||1| spa d
245 03 - MENCIÓN DEL TÍTULO
Título El adelanto de Cazorla /
Mención de responsabilidad, etc. libro escrito bajo la dirección de Lorenzo Polaino Ortega ; con un prólogo de A. Ramírez Tomé.
260 ## - PUBLICACIÓN, DISTRIBUCIÓN, ETC.
Lugar de publicación, distribución, etc. Madrid :
Nombre del editor, distribuidor, etc. [s.n.],
Fecha de publicación, distribución, etc. 1935.
300 ## - DESCRIPCIÓN FÍSICA
Extensión 370 p. ;
Dimensiones 18 cm.
700 1# - ENTRADA AGREGADA--NOMBRE PERSONAL
Nombre de persona Polaino Ortega, Lorenzo.
9 (RLIN) 92798
700 1# - ENTRADA AGREGADA--NOMBRE PERSONAL
Nombre de persona Ramírez Tomé, A.
9 (RLIN) 95171
852 ## - LOCALIZACIÓN
Ubicación ES-MaACL
Número de control de estantería A-4051
Holdings
Estatus retirado Estado de pérdida Estado de daño No para préstamo Biblioteca de origen Biblioteca actual Ubicación en estantería Fecha de adquisición Fuente de adquisición Total de préstamos Signatura topográfica completa Código de barras Visto por última vez Precio de reemplazo Tipo de ítem Koha
        Biblioteca del Ateneo de Madrid Biblioteca del Ateneo de Madrid Sala Pecera Planta 1 17/01/2008     A-4051 1125786 23/02/2023 23/02/2023 Libro impreso